Statistiques concernant Les 20 meilleurs buteurs de l'histoire de la Coupe Intertoto

Cliquez ici pour prendre le quiz!

Statistiques générales

  • Ce quiz a été pris 11 fois
  • Le résultat moyen est 2 sur 20

Statistiques - réponses

ClubsNombre de butsJoueur% Correct
Auxerre
Stade Rennais
17Stephane Guivarch
82%
Juventus7Filippo Inzaghi
36%
Paris Saint-Germain
Eintracht Frankfurt
8Jay-Jay Okocha
18%
Metz
Fulham
9Louis Saha
18%
West Ham
Karlsruher SC
Strasbourg
7Marc Keller
18%
Guingamp
Troyes
Metz
Stade Rennais
10Nicolas Goussé
9%
Blackburn Rovers
Celta Vigo
8Benni Mccarthy
0%
Werder Breme
FC Cologne
8Bruno Labbadia
0%
Linzer ASK
Vorwarts Steyr
7Christoph Westerthaler
0%
CFR Cluj
ACF Gloria Bistrita
9Cosmin Augustin Tilincă
0%
RB Salzburg
FC Superfund
11Eduard Glieder
0%
Montpellier
Strasbourg
10Franck Sauzée
0%
Heerenveen
Austria Lustenau
7Hendrik Jan Regtop
0%
ACF Gloria Bistrita7Ionut Bogdan Peres
0%
NK Slaven Belupo15Marijo Dodik
0%
Young Boys Berne
FC Thun
FC Zurich
7Mario Raimondi
0%
Atletico Madrid
Wolfsburg
7Martin Petrov
0%
Rotor Volgagrad10Oleg Veretennikov
0%
Sigma Alomouc8Stanislav Vlcek
0%
NK Drava Ptuj
Pelister
FC Koper
7Viktor Trenevski
0%

Distribution des résultats

Percentile par nombre de réponses

% des personnes avec chaque résultat

Votre développement - résultats

Vous n’avez pas pris ce quiz